Heads of State and Government of Indian Origin - Statistics

General Stats
  • This quiz has been taken 26 times
  • The average score is 8 of 11
Answer Stats
Continent No of times Country % Correct
Europe 1 United Kingdom
100%
Oceania 1 Fiji
83%
South America 4 Guyana
83%
South America 5 Suriname
83%
Europe 1 Ireland
79%
Africa 9 Mauritius
75%
Africa 1 Seychelles
75%
Asia 3 Singapore
75%
North America 3 Trinidad and Tobago
75%
Asia 1 Malaysia
63%
Europe 2 Portugal
46%
No matching quizzes found
Score Distribution
Percent of People with Each Score
Percentile by Number Answered
Your Score History
You have not taken this quiz